00580nam a2200181 a 45000010010000000030011000100080041000210350026000620820018000881000021001062450054001272600047001816500032002289420012002609520091002729980020003639990015003830000-9133ELIB.Books110520 1938  a(ELIB.Books)0000-9285 a268.433 bBur aBurkhart, Roy A aUnderstanding Youth: His Search for a way of life bNew York: Abingdon-Cokesbury Press c1938 aChristian Education - Youth 2ddccBK 00102ddc4070aKBTSbKBTSd2011-05-20l0p13112r2022-01-22 00:00:00w2022-01-22yBK cbate2011-05-20 c9133d9133